Statistics for All WWE Universal Champions

Click here to take the quiz!

General Stats

  • This quiz has been taken 151 times
    (61 since last reset)
  • The average score is 7 of 8

Answer Stats

Year#Answer% Correct
20202Roman Reigns
100%
20193Brock Lesnar
98%
20192Seth Rollins
98%
20161Kevin Owens
90%
20161Finn Balor
88%
20202Bray Wyatt
86%
20202Goldberg
86%
20201Braun Strowman
84%

Score Distribution

Percentile by Number Answered

Percent of People with Each Score

Your Score History

You have not taken this quiz since the last reset